|
|
|
|
| LEADER |
00000nam0a2200000 4500 |
| 001 |
107716 |
| 005 |
20231031115405.0 |
| 035 |
|
|
|a (RuTPU)RU\TPU\book\116282
|
| 090 |
|
|
|a 107716
|
| 100 |
|
|
|a 20061227d1968 m y0rusy50 ca
|
| 101 |
0 |
|
|a rus
|
| 102 |
|
|
|a RU
|
| 105 |
|
|
|a a z 000zy
|
| 200 |
1 |
|
|a Третьяковская галерея. Древнерусское искусство
|e альбом репродукций
|f авт. предисл. Л. Большакова ; Е. Каменская
|
| 210 |
|
|
|a Москва
|c Советский художник
|d 1968
|
| 215 |
|
|
|a 37 с.
|c ил.
|
| 225 |
1 |
|
|a Государственная Третьяковская галерея
|
| 610 |
1 |
|
|a древнерусская живопись
|
| 610 |
1 |
|
|a музейные собрания
|
| 610 |
1 |
|
|a Москва
|
| 610 |
1 |
|
|a альбомы
|
| 610 |
1 |
|
|a иконопись
|
| 610 |
1 |
|
|a декоративно-прикладное искусство
|
| 675 |
|
|
|a 73/76с(074)
|v 3
|
| 702 |
|
1 |
|a Большакова
|b Л.
|4 080
|
| 702 |
|
1 |
|a Каменская
|b Е.
|4 080
|
| 801 |
|
1 |
|a RU
|b 63413507
|c 20061227
|g PSBO
|
| 801 |
|
2 |
|a RU
|b 63413507
|c 20190829
|g PSBO
|
| 942 |
|
|
|c BK
|